|
|
|
|
| LEADER |
01601nam a2200385 a 4500 |
| 001 |
30283 |
| 003 |
BD-DhAAL |
| 005 |
20230525135157.0 |
| 008 |
151202r20131996enk b 001 0 eng |
| 010 |
|
|
|a 95044890
|
| 020 |
|
|
|a 0521562171
|
| 020 |
|
|
|a 9780521562171 hardback
|
| 020 |
|
|
|a 9780521566735 paperback
|
| 020 |
|
|
|a 0521566738 (pbk.)
|
| 040 |
|
|
|a DLC
|c DLC
|d DLC
|d BD-DhAAL
|
| 041 |
1 |
|
|a eng
|
| 050 |
0 |
0 |
|a B2785.E5
|b G7413 1996
|
| 082 |
0 |
0 |
|a 170
|2 20
|
| 100 |
1 |
|
|a Kant, Immanuel,
|d 1724-1804.
|9 12762
|
| 240 |
1 |
0 |
|a Metaphysik der Sitten.
|l English
|
| 245 |
1 |
4 |
|a The metaphysics of morals /
|c Immanual Kant ; translated and edited by Mary Gregor ; with an introduction by Roger J. Sullivan.
|
| 260 |
|
|
|a Cambridge ;
|a New York :
|b Cambridge University Press,
|c 1996 [18th printing 2013]
|
| 300 |
|
|
|a xxxvi, 241 p. ;
|c 23 cm.
|
| 490 |
|
0 |
|a Cambridge texts in the history of philosophy
|
| 504 |
|
|
|a Includes bibliographical references and index.
|
| 541 |
|
|
|e 30283
|
| 650 |
|
0 |
|a Ethics
|x Early works to 1800.
|9 16623
|
| 650 |
|
0 |
|a Duty
|x Early works to 1800.
|9 16624
|
| 650 |
|
0 |
|a Virtue
|x Early works to 1800.
|9 16625
|
| 700 |
1 |
|
|a Gregor, Mary J.
|9 16626
|
| 856 |
4 |
2 |
|3 Publisher description
|u http://www.loc.gov/catdir/description/cam027/95044890.html
|
| 856 |
4 |
1 |
|3 Table of contents
|u http://www.loc.gov/catdir/toc/cam024/95044890.html
|
| 942 |
|
|
|2 ddc
|c BK
|
| 999 |
|
|
|c 36346
|d 36346
|
| 952 |
|
|
|0 0
|1 0
|2 ddc
|4 0
|6 170_000000000000000_KAN
|7 0
|9 57158
|a BRACUL
|b BRACUL
|c GEN
|d 2015-12-02
|e Karim International
|g 1682.00
|l 7
|m 44
|o 170 KAN
|p 3010030283
|q 2026-06-02
|r 2026-04-11
|s 2026-04-11
|t 1
|w 2015-12-02
|y BK
|